000 00739cam a2200241 a 4500
001 000011403
005 20240514073717.0
008 930712s1956 mx 001 0 spa d
035 _a(DLC) 92113085
035 _a(OCoLC)3450534
040 _aDO-SdBNP
_bspa
_cFOFT
_dBNPHU
082 _a170
_bI46h
100 1 _aIngenieros, José,
_d1877-1925.
_916601
245 1 0 _aHacia una moral sin dogmas /
_cJosé Ingenieros.
260 _aMéxico :
_bLatino Americana,
_c1956.
300 _a137 p. ;
_c21< cm.
600 1 0 _aEmerson, Ralph Waldo,
_d1803-1882
_xÉTICA
_927029
650 0 _aÉtica
_9509
600 1 0 _aSarmiento, Domingo Faustino,
_d1811-1888.
_915530
650 4 _aDogma
_927030
910 _aCatalogación derivada
049 _aBNGR
999 _c11109
_d11109